The FBI's ten most wanted /
Explores the history and impact of the FBI's most wanted lists, profiling past and present criminal fugitives.
| Corporate Authors: | , , , |
|---|---|
| Other Authors: | , , , |
| Format: | Video |
| Language: | English |
| Language Notes: | This edition in English. |
| Published: |
New York, NY :
A & E Television Networks,
2000.
|
| Series: | Criminal justice and public safety in video
History's mysteries |
| Subjects: | |
| Online Access: | Connect to this streaming video (Alexander Street Press) |
MARC
| Tag | First Indicator | Second Indicator | Subfields |
|---|---|---|---|
| LEADER | 00000cgm a2200000Ma 4500 | ||
| 001 | in00005560421 | ||
| 006 | m o c | ||
| 007 | cr |n|---||a|a | ||
| 007 | vz |zazu| | ||
| 008 | 010604s2000 nyu063 g o vleng d | ||
| 005 | 20241201231235.2 | ||
| 035 | |a (OCoLC)ocn812278364 | ||
| 040 | |a ALSTP |b eng |e pn |c ALSTP |d OCLCO |d OCLCQ |d OCLCF |d U3G |d OCLCO |d OCLCA |d OCLCQ |d OCLCO |d OCLCQ |d IAA |d MNI |d WYU |d OCLCA |d OCLCO |d OCLCL | ||
| 019 | |a 1430881656 |a 1443959472 | ||
| 035 | |a (OCoLC)812278364 |z (OCoLC)1430881656 |z (OCoLC)1443959472 | ||
| 043 | |a n-us--- | ||
| 050 | 4 | |a HV7419 | |
| 049 | |a TXAM | ||
| 245 | 0 | 4 | |a The FBI's ten most wanted / |c produced by the Reality Group for the History Channel ; directed by Damian Weyand ; written by Fred Silverman and Rob Feldman. |
| 246 | 3 | |a FBI's 10 most wanted | |
| 260 | |a New York, NY : |b A & E Television Networks, |c 2000. | ||
| 300 | |a 1 online resource (63 min.). | ||
| 336 | |a two-dimensional moving image |b tdi |2 rdacontent | ||
| 337 | |a computer |b c |2 rdamedia | ||
| 338 | |a online resource |b cr |2 rdacarrier | ||
| 490 | 0 | |a Criminal justice and public safety in video | |
| 490 | 0 | |a History's mysteries | |
| 520 | |a Explores the history and impact of the FBI's most wanted lists, profiling past and present criminal fugitives. | ||
| 521 | 8 | |a MPAA rating: Not rated. | |
| 546 | |a This edition in English. | ||
| 610 | 1 | 0 | |a United States. |b Federal Bureau of Investigation. |
| 610 | 1 | 6 | |a États-Unis. |b Federal Bureau of Investigation. |
| 610 | 1 | 7 | |a United States. |b Federal Bureau of Investigation. |2 fast |0 (OCoLC)fst00528882 |
| 650 | 0 | |a Criminals |z United States. | |
| 650 | 0 | |a Fugitives from justice |z United States. | |
| 650 | 6 | |a Criminels |z États-Unis. | |
| 650 | 6 | |a Fugitifs recherchés par la justice |z États-Unis. | |
| 650 | 7 | |a Criminals. |2 fast |0 (OCoLC)fst00883516 | |
| 650 | 7 | |a Fugitives from justice. |2 fast |0 (OCoLC)fst00935947 | |
| 651 | 7 | |a United States. |2 fast |0 (OCoLC)fst01204155 |1 https://id.oclc.org/worldcat/entity/E39PBJtxgQXMWqmjMjjwXRHgrq | |
| 655 | 4 | |a Streaming videos. | |
| 655 | 7 | |a Documentary television programs. |2 fast |0 (OCoLC)fst01710387 | |
| 655 | 7 | |a Nonfiction television programs. |2 fast |0 (OCoLC)fst01710270 | |
| 655 | 7 | |a Documentary television programs. |2 lcgft | |
| 655 | 7 | |a Nonfiction television programs. |2 lcgft | |
| 655 | 7 | |a Documentaires télévisés. |2 rvmgf | |
| 655 | 7 | |a Émissions télévisées autres que de fiction. |2 rvmgf | |
| 700 | 1 | |a Ackroyd, David. | |
| 700 | 1 | |a Feldman, Rob. | |
| 700 | 1 | |a Silverman, Fred. | |
| 700 | 1 | |a Weyand, Damian. | |
| 710 | 2 | |a Arts and Entertainment Network. | |
| 710 | 2 | |a History Channel (Television network) | |
| 710 | 2 | |a New Video Group. | |
| 710 | 2 | |a Reality Group. | |
| 730 | 0 | |a History's mysteries (Television program) | |
| 758 | |i has work: |a FBI's Ten Most Wanted (MovingImage) |1 https://id.oclc.org/worldcat/entity/E39PCXfrf77tTYw9BPTfvPBmwK |4 https://id.oclc.org/worldcat/ontology/hasWork | ||
| 776 | 0 | 8 | |i Print version: |t FBI's ten most wanted. |d New York, NY : A & E Television Networks, 2000 publisher catalog number |o 18711 |
| 776 | 0 | 8 | |i Print version: |t FBI's ten most wanted. |d New York, NY : A & E Television Networks, 2000 |z 0767028864 |
| 856 | 4 | 0 | |u http://proxy.library.tamu.edu/login?url=https://www.aspresolver.com/aspresolver.asp?AVN2;1796709 |z Connect to this streaming video (Alexander Street Press) |t 0 |
| 955 | |a Alexander Street Press subscription streaming video | ||
| 994 | |a 92 |b TXA | ||
| 999 | f | f | |s d85ba348-54c2-40c7-bf2b-d9a07caea018 |i 8939f718-6a34-44f2-b711-2d5484e643cd |t 0 |
| 952 | f | f | |a Texas A&M University |b College Station |c Electronic Resources |d Available Online |t 0 |e HV7419 |h Library of Congress classification |
| 998 | f | f | |a HV7419 |t 0 |l Available Online |